Bonnard / (Record no. 353318)
[ view plain ]
| 000 -LEADER | |
|---|---|
| fixed length control field | 01577 a2200229 4500 |
| 003 - CONTROL NUMBER IDENTIFIER | |
| control field | OSt |
| 005 - DATE AND TIME OF LATEST TRANSACTION | |
| control field | 20180116192401.0 |
| 008 - FIXED-LENGTH DATA ELEMENTS--GENERAL INFORMATION | |
| fixed length control field | 120702t xxu||||| |||| 00| 0 eng d |
| 020 ## - INTERNATIONAL STANDARD BOOK NUMBER | |
| International Standard Book Number | 0714834513 (paperback) |
| 020 ## - INTERNATIONAL STANDARD BOOK NUMBER | |
| International Standard Book Number | 9780714834511 (paperback) |
| 040 ## - CATALOGING SOURCE | |
| Transcribing agency | 0 |
| 082 04 - DEWEY DECIMAL CLASSIFICATION NUMBER | |
| Classification number | 760.092 |
| 100 1# - MAIN ENTRY--PERSONAL NAME | |
| Personal name | Watkins, Nicholas. |
| 9 (RLIN) | 5054 |
| 245 10 - TITLE STATEMENT | |
| Title | Bonnard / |
| Statement of responsibility, etc. | Nicholas Watkins. |
| 260 ## - PUBLICATION, DISTRIBUTION, ETC. | |
| Place of publication, distribution, etc. | London : |
| Name of publisher, distributor, etc. | Phaidon Press, |
| Date of publication, distribution, etc. | 1996. |
| 300 ## - PHYSICAL DESCRIPTION | |
| Extent | 240 p. : |
| Other physical details | ill. ; |
| Dimensions | 30 cm. |
| 520 ## - SUMMARY, ETC. | |
| Summary, etc. | The French painter Pierre Bonnard is best known as a painter of intimate, domestic interiors, but he was also a highly accomplished draughtsman, producing a wealth of lithographs and drawings. He began his career as a graphic artist, producing posters and illustrations for "La Revue Blanche" and other magazines. Associated with the Nabis group from 1890, his early work is characterized by a tendency towards broad, flat colours and asymmetrical compositions derived from Paul Gauguin and Japanese prints. From 1900 his palette became richer and his mature work has ensured his reputation as one of the 20th century's great colourists. This book is a reassessment of Bonnard's life and work, arguing that he was not a sentimental survivor of Impressionism, as some have claimed, but a highly demanding and innovative artist who responded to new formal challenges. |
| 650 10 - SUBJECT ADDED ENTRY--TOPICAL TERM | |
| Topical term or geographic name entry element | Art, French |
| 9 (RLIN) | 5055 |
| 856 40 - ELECTRONIC LOCATION AND ACCESS | |
| Materials specified | Amazon.com |
| Uniform Resource Identifier | <a href="http://www.amazon.com/exec/obidos/ASIN/0714834513/chopaconline-20">http://www.amazon.com/exec/obidos/ASIN/0714834513/chopaconline-20</a> |
| 942 ## - ADDED ENTRY ELEMENTS (KOHA) | |
| Institution code [OBSOLETE] | SADA |
| Koha item type | Book |
| Call number prefix | 760.092 WAT 1996 |
| Source of classification or shelving scheme | |
| 952 ## - LOCATION AND ITEM INFORMATION (KOHA) | |
| -- | BOOK |
| Withdrawn status | Lost status | Source of classification or shelving scheme | Damaged status | Not for loan | Permanent Location | Current Location | Date acquired | Total Checkouts | Full call number | Barcode | Date last seen | Cost, replacement price | Price effective from | Koha item type |
|---|---|---|---|---|---|---|---|---|---|---|---|---|---|---|
| School of Art Design and Architecture (SADA) | School of Art Design and Architecture (SADA) | 06/29/2011 | 760.092 WAT 1996 | SADA0001427 | 08/05/2011 | 2400.00 | 08/05/2011 | Book |
